Pays d'Europe en ... - Statistiques

Statistiques générales
  • Ce quiz a été pris 1 475 fois
    1 387 depuis la dernière actualisation
  • Le résultat moyen est 18 sur 19
Statistiques - réponses
Hint Réponse % Correct
Pays d'Europe en A Albanie | Andorre | Allemagne | Autriche
100%
Pays d'Europe en B Bulgarie | Belgique | Bosnie Herzégovine | Bielorussie
100%
Pays d'Europe en F France | Finlande
100%
Pays d'Europe en D Danemark
99%
Pays d'Europe en E Espagne | Estonie
99%
Pays d'Europe en I Irlande | Islande | Italie
99%
Pays d'Europe en L Lettonie | Lituanie | Liechtenstein | Luxembourg
99%
Pays d'Europe en P Portugal | Pays Bas | Pologne
98%
Pays d'Europe en S Suède | Suisse | Saint-Marin | Slovaquie | Slovénie | Serbie
98%
Pays d'Europe en M Macédoine du Nord | Malte | Moldavie | Monténégro | Monaco
97%
Pays d'Europe en R Roumanie | Russie | Royaume-Uni
97%
Pays d'Europe en C Chypre | Croatie
96%
Pays d'Europe en H Hongrie
96%
Pays d'Europe en V Vatican
90%
Pays d'Europe en K Kosovo
86%
Pays d'Europe en T Tchéquie | Turquie
86%
Pays d'Europe en U Ukraine
86%
Pays d'Europe en G Grèce
84%
Pays d'Europe en N Norvège
83%
Aucun quiz correspondant
Distribution des résultats
% des personnes avec chaque résultat
Percentile par nombre de réponses
Votre historique - résultats
Vous n’avez pas pris ce quiz depuis la dernière actualisation